Statistics for C&C: Tiberian Sun

Click here to take the quiz!

General Stats

  • This quiz has been taken 13 times
  • The average score is 10 of 15

Answer Stats

HintAnswer% Correct
NOD AICabal
100%
Leader of NODKane
100%
Mineral to harvestTiberium
100%
NOD experimental flyerBanshee
90%
GDI command shipKodiak
80%
GDI biggest unitMammoth Mk. II
80%
NOD elite cyborg unitCyborg commando
70%
Nod subterranean flame tankDevil's Tongue
70%
NOD colabatorHassan
60%
Mutant sniper, which helps GDIUmagon
60%
Mutant commandoGhost Stalker
50%
NOD subterranean mobile command centerMontauk
50%
Leader of the mutantsTratos
50%
Mutant created after infantry unit die to tiberium poisoningVisceroid
50%
GDI superweaponIon canon
30%

Score Distribution

Percentile by Number Answered

Percent of People with Each Score

Your Score History

You have not taken this quiz